History Quiz

Random History or Decade Quiz

British History by Decade Quiz Stats

 Plays Quiz Updated Jul 23, 2015

Challenge
Share
Tweet
Embed
Score 0/25 Timer 08:00
2 Plays Today
% Correct
1990s
86.4%
1910s
85.3%
1980s
79.8%
2000s
77%
1900s
75.4%
1930s
73.8%
1940s
72.2%
1960s
67.8%
1950s
62.6%
1970s
61%
1770s
57.7%
1920s
55.6%
1810s
54.7%
% Correct
1890s
51.4%
1850s
41.8%
1760s
41.4%
1780s
40.3%
1840s
38.9%
1880s
34.6%
1860s
34.3%
1820s
32%
1830s
31%
1870s
30.7%
1800s
29.9%
1790s
22%

You're not logged in!

Compare scores with friends on all Sporcle quizzes.
OR
Log In

You Might Also Like...

Show Comments

Extras

Top Quizzes Today


Score Distribution

Your Account Isn't Verified!

In order to create a playlist on Sporcle, you need to verify the email address you used during registration. Go to your Sporcle Settings to finish the process.

Report this User

Report this user for behavior that violates our Community Guidelines.

Details: